000 01091cam a2200217 4500
001 WB@3612-587
008 041110n2004 000 0 eng u
035 _a(Sirsi) u127941
245 _aManifesto for better public spaces
260 _c2004
490 _aCABE Press Release
_v2 November 2004 (3)
520 _aCABE Space has reissued its call to the public to support its "Manifesto for better public spaces". It has already gained the backing of over 300 organisations with a combined membership of over 3.5m people. The manifesto aims to create a national consensus that parks and public spaces should be a political and financial priority. CABE is seeking opinions and thoughts on parks, play areas, and green spaces in our towns and cities. The manifesto is available at: http://www.itsyourspace.org.uk/manifesto.asp. http://www.cabe.org.uk/news/press/showPRelease.asp ?id=674
590 _aWB
590 _aWB
650 _aPUBLIC SPACE
650 _aPARKS
650 _aGREEN SPACES
650 _aURBAN REGENERATION
690 _aLEISURE AND RECREATION
942 _n0
999 _c118292
_d118292